<?xml version="1.0" encoding="UTF-8"?>
<record
    xmlns:xsi="http://www.w3.org/2001/XMLSchema-instance"
    xsi:schemaLocation="http://www.loc.gov/MARC21/slim http://www.loc.gov/standards/marcxml/schema/MARC21slim.xsd"
    xmlns="http://www.loc.gov/MARC21/slim">

  <leader>00936    a2200169   4500</leader>
  <controlfield tag="003">NUST</controlfield>
  <controlfield tag="005">20230202130923.0</controlfield>
  <datafield tag="040" ind1=" " ind2=" ">
    <subfield code="c">Nust</subfield>
  </datafield>
  <datafield tag="082" ind1=" " ind2=" ">
    <subfield code="a">954,NEH</subfield>
  </datafield>
  <datafield tag="100" ind1=" " ind2=" ">
    <subfield code="a">Nehru, Jawaharlal</subfield>
    <subfield code="9">1499</subfield>
  </datafield>
  <datafield tag="245" ind1=" " ind2=" ">
    <subfield code="a">India And The World /</subfield>
    <subfield code="c">Jawaharlal Nehru</subfield>
  </datafield>
  <datafield tag="260" ind1=" " ind2=" ">
    <subfield code="a">London</subfield>
    <subfield code="b">George Allen &amp; co</subfield>
    <subfield code="c">1936</subfield>
  </datafield>
  <datafield tag="300" ind1=" " ind2=" ">
    <subfield code="a">262:p.</subfield>
  </datafield>
  <datafield tag="505" ind1=" " ind2=" ">
    <subfield code="a">Presidential Address to the National Congress ,1929 (Page-13), Whither India ,1933 (Page-39), Presidential Address to the National Congress,1936  (Page-64), Prison-Land , 1934 (Page-108), The Mind of a Judge ,1935 (Page-130), Quetta,1935 (Page-146), First letter to Indira (Page-156), The Last Letter to Indira (Page-162), Mahatma Gandhi ,1936 (Page-172), A Letter to an Englishman (Page-177), India and The World (Page-200), A Visit to England  ,1936 (Page-210), The Way to Peace ,1936 (Page-218), Indian Problems (Page-226). </subfield>
  </datafield>
  <datafield tag="650" ind1=" " ind2=" ">
    <subfield code="a">India And The World</subfield>
    <subfield code="9">108493</subfield>
  </datafield>
  <datafield tag="942" ind1=" " ind2=" ">
    <subfield code="2">ddc</subfield>
    <subfield code="c">BK</subfield>
    <subfield code="k">954,NEH</subfield>
  </datafield>
  <datafield tag="999" ind1=" " ind2=" ">
    <subfield code="c">187398</subfield>
    <subfield code="d">187398</subfield>
  </datafield>
  <datafield tag="952" ind1=" " ind2=" ">
    <subfield code="0">0</subfield>
    <subfield code="1">0</subfield>
    <subfield code="2">ddc</subfield>
    <subfield code="4">0</subfield>
    <subfield code="7">0</subfield>
    <subfield code="a">MCS</subfield>
    <subfield code="b">MCS</subfield>
    <subfield code="c">GEN</subfield>
    <subfield code="d">2016-12-12</subfield>
    <subfield code="o">954,NEH</subfield>
    <subfield code="p">MCS29202</subfield>
    <subfield code="r">2016-12-08</subfield>
    <subfield code="w">2016-12-12</subfield>
    <subfield code="y">BK</subfield>
    <subfield code="z">Almirah No.61, Shelf No.3</subfield>
  </datafield>
</record>
